पाचनतंत्र रोगों की चिकित्सा (Record no. 68000)
[ view plain ]
| 000 -LEADER | |
|---|---|
| fixed length control field | 01038 aa a2200217 4500 |
| 005 - DATE AND TIME OF LATEST TRANSACTION | |
| control field | 20140910162301.0 |
| 008 - FIXED-LENGTH DATA ELEMENTS--GENERAL INFORMATION | |
| fixed length control field | 090314t xxu||||| |||| 00| 0 eng d |
| 010 ## - LCCN (DPL NO) | |
| LC control number | HIN-103387 |
| 020 ## - INTERNATIONAL STANDARD BOOK NUMBER | |
| Terms of availability | 100.00 |
| International Standard Book Number | 8190205455 |
| 035 ## - SYSTEM CONTROL NUMBER | |
| System control number | B-206715 |
| 035 ## - SYSTEM CONTROL NUMBER | |
| System control number | HN-75733 |
| 037 ## - SOURCE OF ACQUISITION | |
| Source of stock number/acquisition | |
| 040 ## - CATALOGING SOURCE | |
| Original cataloging agency | dpl |
| Language of cataloging | Hin |
| 082 ## - DEWEY DECIMAL CLASSIFICATION NUMBER | |
| Classification number | 615.535 |
| 100 ## - MAIN ENTRY--PERSONAL NAME | |
| Personal name | चौहान, गणेश नारायण |
| 9 (RLIN) | 49177 |
| 245 ## - TITLE STATEMENT | |
| Title | पाचनतंत्र रोगों की चिकित्सा |
| Statement of responsibility, etc | गणेश नारायण चौहान |
| Remainder of title | (होम्योपैथिक एवं प्राकृतिक) |
| 260 ## - PUBLICATION, DISTRIBUTION, ETC. (IMPRINT) | |
| Place of publication, distribution, etc | जयपुर |
| Name of publisher, distributor, etc | पापुलर बुक डिपो |
| Date of publication, distribution, etc | 2000 |
| 270 ## - ADDRESS | |
| Address | जी-15,एस.एस.टाँवर्स,धामाणी स्ट्रीट,चौड़ा रास्ता |
| City | जयपुर |
| Postal code | 302002 |
| Telephone number | 0141-2325965 |
| 300 ## - PHYSICAL DESCRIPTION | |
| Extent | viii,143पृ |
| Dimensions | 22सेमी (अजिल्द) |
| 942 ## - ADDED ENTRY ELEMENTS (KOHA) | |
| Institution code [OBSOLETE] | dpl |
| Item type | Hindi Books |
| Call number prefix | 615.535 / चौहान |
| Source of classification or shelving scheme | Dewey Decimal Classification |
| Classification part | 615.535 |
| Call number suffix | चौहान |
| Withdrawn status | Lost status | Source of classification or shelving scheme | Damaged status | Not for loan | Collection code | Home library | Current library | Date acquired | Cost, normal purchase price | Total Checkouts | Full call number | Barcode | Date last seen | Cost, replacement price | Koha item type | Source of acquisition | Copy number |
|---|---|---|---|---|---|---|---|---|---|---|---|---|---|---|---|---|---|
| Dewey Decimal Classification | Not For Loan | Non-fiction | D.B.Act.Division | D.B.Act.Division | 10/09/2014 | 100.00 | 615.535 चौहान | HN-75733 | 10/09/2014 | 100.00 | Hindi Books | DBAD/PUB | 1 | ||||
| Dewey Decimal Classification | Non-fiction | Sarojini Nagar | Sarojini Nagar | 16/06/2012 | 100.00 | 615.535 चौहान | B-206715 | 16/06/2012 | 100.00 | Hindi Books |
